[Event "Quebec Montcalm op 7 2016-17"]
[Site "Quebec"]
[Date "2017.05.18"]
[Round "4"]
[White "Lapierre, Gaetan"]
[Black "Kamara, Adama"]
[Result "1-0"]
[WhiteElo "1940"]
[BlackElo "1486"]
[PlyCount "41"]
[EventDate "2017.04.27"]
[EventType "swiss"]
[EventRounds "5"]
[EventCountry "CAN"]
[SourceTitle "EXT 2022"]
[Source "ChessBase"]
[SourceDate "2021.10.06"]
[SourceVersion "1"]
[SourceVersionDate "2021.10.06"]
[SourceQuality "1"]

1. e4 d5 2. exd5 Nf6 3. d4 Bg4 4. f3 Bf5 5. Bb5+ Bd7 6. Bxd7+ Qxd7 7. c4 c6 8. dxc6 Nxc6 9. Ne2 0-0-0 10. Be3 e5 11. d5 Bb4+ 12. Nbc3 Qf5 13. Qb3 Bxc3+ 14. Qxc3 Nd4 15. Nxd4 exd4 16. Qxd4 b6 17. 0-0 Nd7 18. b4 Qe5 19. c5 Rhe8 20. Rfe1 Kc7 21. Bf4 1-0